Państwa na literę K - Statystyki

Ogólne statystyki
  • Ten quiz został rozwiązany 80 razy
  • Średni wynik to 8 z 15
Statystyki odpowiedzi
Państwa % Poprawnych
Kazachstan
72%
Kolumbia
68%
Kambodża
67%
Kanada
67%
Kirgistan
67%
Kenia
65%
KoreaPółnocna
60%
Kiribati
58%
KoreaPołudniowa
57%
Kamerun
53%
Kuwejt
53%
Kostaryka
43%
Kuba
42%
Katar
38%
Komory
23%
Nie znaleziono quizów pasujących do podanych kryteriów
Rozkład punktacji
Procent ludzi z każdym wynikiem
Percentyl według liczby udzielonych odpowiedzi
Twoja historia wyników
Nie rozwiązałeś tego quizu